• 首页
  • 本馆介绍
  • 公告通知
  • 最新文献
  • 馆藏检索
  • 电子资源
  • 读者导购
  • 参考咨询
  • 我的图书馆
  • 登录
  • 详细信息显示
  • 放入我的书架
  • 预约/预借图书
  • 作者相关作品
  • 分类相关作品
  • 丛书相关作品
  • 出版社相关作品

书目信息

  • 表格格式
  • 工作单格式
  • 卡片格式
题名:
水果蔬菜贮藏保鲜实用技术手册
    
 
作者: 蒙盛华 编著
分册:  
出版信息: 北京   科学普及出版社  1991
页数: 254页
开本: 20cm
丛书名:
单 册:
中图分类: S660.9
科图分类:
主题词: 水果--食品保鲜 , 蔬菜--食品保鲜
电子资源:
ISBN: 7-110-02275-7
000 00860nam0 2200253 450
001 0100355490
005 20101119124714.0
010    @a7-110-02275-7@dCNY4.80
011    @a7-110-02275-7
100    @a20021005d1991 em y0chiy0110 ea
101 0  @achi
102    @aCN@b110000
105    @ay z 000yy
106    @ar
200 1  @a水果蔬菜贮藏保鲜实用技术手册@9Shui Guo Shu Cai Zhu Cang;Zang Bao Xian Shi Yong Ji Shu;Zhu Shou Ce @f蒙盛华等编著@b专著
210    @a北京@c科学普及出版社@d1991
215    @a254页@d20cm
330    @a本书论述果蔬贮藏保鲜基本原理和方法,介绍安全贮藏技术,介绍果树贮藏品质的测定方法,及防腐剂的配制方法和主要保鲜剂的使用与性能。
606 0  @a水果@x食品保鲜
606 0  @a蔬菜@x食品保鲜
690    @aS660.9@v3
701  0 @a蒙盛华@9meng sheng hua@4编著
801  0 @aCN@bAiZhiMarc@c19920225
905    @aBZT@dS660.9@e11@f2@sS660.9/11
    
    水果蔬菜贮藏保鲜实用技术手册/蒙盛华等编著.-北京:科学普及出版社,1991
    254页;20cm
    
    
    ISBN 7-110-02275-7:CNY4.80
    本书论述果蔬贮藏保鲜基本原理和方法,介绍安全贮藏技术,介绍果树贮藏品质的测定方法,及防腐剂的配制方法和主要保鲜剂的使用与性能。
●
相关链接 在五车中查询图书 在当当中查询图书 在豆瓣中查询图书


正题名:水果蔬菜贮藏保鲜实用技术手册     索取号:S660.9/11         预约/预借

序号 登录号 条形码 馆藏地/架位号 状态 备注
1 2000106997   2000106997   旧书回溯/ [索取号:S660.9/11] 在馆    
2 2000106998   2000106998   旧书回溯/ [索取号:S660.9/11] 在馆    
山东省滨州职业学院图书馆 欢迎您!
大连网信软件有限公司© 版权所有